Word Ladder: Board Again Quiz Stats

Quiz Updated Feb 9, 2015

Challenge
Share
Tweet
Embed
Score 0/20 Timer 02:00
0 Plays Today
Clue 4-Letter Word % Correct
Place to save your moneyBANK
98.2%
Wet with your tongueLICK
95.2%
Key-based door mechanismLOCK
95.1%
A part of a chainLINK
92.5%
Male royal leaderKING
92.2%
Gneiss or granite, e.gROCK
89.5%
Hit on the headBONK
87.7%
Order a list by greatnessRANK
86.1%
Liver fluidBILE
85%
Bundle of hayBALE
84.2%
Clue 4-Letter Word % Correct
A fish in the cod familyLING
83.2%
TV Alien played by Robin WIlliamsMORK
81.1%
Just dandyFINE
79.4%
Interjection from the Swedish ChefBORK
76%
A raspFILE
74.5%
Cattle, archaicallyKINE
73.3%
Wife or husband, e.g.MATE
60%
Bird like a crowROOK
57.9%
Restrain or lessenBATE
56.3%
A foolish personMOOK
50.5%

Today's Daily Dose

Word Ladder
KISS Hit

On This Day
January 22nd

You're not logged in!

Compare scores with friends on all Sporcle quizzes.
Sign Up with Email
OR
Log In

You Might Also Like...

Show Comments

Extras

Top Quizzes Today


Score Distribution

Your Account Isn't Verified!

In order to create a playlist on Sporcle, you need to verify the email address you used during registration. Go to your Sporcle Settings to finish the process.